000 00384nam a22001457a 4500
999 _c8029
_d8029
003 OSt
005 20200619130350.0
008 200619b ||||| |||| 00| 0 eng d
020 _a9789881545121
082 _a727.7
_bYUJ
100 _aYu, Jasmin
245 _aMuseum display design
260 _aHong Kong
_bDesign Media Publishing Ltd; Reissue edition
_c August 15, 2014
942 _2ddc